The embryology of the common marmo set(callithnx jacchus) (Record no. 27150)

MARC details
000 -LEADER
fixed length control field 00429nam a2200133Ia 4500
082 ## - DEWEY DECIMAL CLASSIFICATION NUMBER
Classification number 591.3
Item number ADV.52-5
100 ## - MAIN ENTRY--AUTHOR NAME
Personal name PHILIPS, Ian Richard
245 #4 - TITLE STATEMENT
Title The embryology of the common marmo set(callithnx jacchus)
260 ## - PUBLICATION, DISTRIBUTION, ETC. (IMPRINT)
Place of publication Berlin
Name of publisher Springer Verlag
Year of publication 1976
490 ## - SERIES STATEMENT
Series statement Advances in anatomy embryology and cell biology; v 52, fac 5
650 ## - SUBJECT ADDED ENTRY--TOPICAL TERM
Topical Term Marmoset embryology
942 ## - ADDED ENTRY ELEMENTS (KOHA)
Koha item type Books
Holdings
Withdrawn status Lost status Damaged status Not for loan Home library Current library Date acquired Full call number Accession Number Koha item type
        RRII Library RRII Library 16/12/2021 591.3 ADV.52-5 07779 Books